Arts, crafts and customs of our neighbor republics; (Record no. 21928)

MARC details
000 -LEADER
fixed length control field 01549cam a22002891 4500
001 - CONTROL NUMBER
control field e 43000109
003 - CONTROL NUMBER IDENTIFIER
control field DLC
005 - DATE AND TIME OF LATEST TRANSACTION
control field 20260227111231.0
008 - FIXED-LENGTH DATA ELEMENTS--GENERAL INFORMATION
fixed length control field 790504s1943 dcu 000 0 eng
010 ## - LIBRARY OF CONGRESS CONTROL NUMBER
LC control number e 43000109
035 ## - SYSTEM CONTROL NUMBER
System control number (OCoLC)4927122
040 ## - CATALOGING SOURCE
Original cataloging agency DLC
Transcribing agency Ok
Modifying agency OCoLC
-- DLC
050 00 - LIBRARY OF CONGRESS CALL NUMBER
Classification number L111
Item number .A6 1942, no. 2
082 ## - DEWEY DECIMAL CLASSIFICATION NUMBER
Classification number 016.918
100 1# - MAIN ENTRY--PERSONAL NAME
Personal name Lassalle, Emilie Dew Sandsten,
Dates associated with a name 1903-
245 10 - TITLE STATEMENT
Title Arts, crafts and customs of our neighbor republics;
Remainder of title a bibliography.
Statement of responsibility, etc. Compiled by Emilie Sandsten Lassalle. Under the direction of Nora Beust, senior specialist in library materials. Library service division in cooperation with the Office of the coordinator of inter-American affairs.
260 ## - PUBLICATION, DISTRIBUTION, ETC.
Place of publication, distribution, etc. [Washington, D.C.,
Name of publisher, distributor, etc. U.S. Govt. print. off.,
Date of publication, distribution, etc. 1943]
300 ## - PHYSICAL DESCRIPTION
Extent 52 p.
Dimensions 23 cm.
490 0# - SERIES STATEMENT
Series statement U.S. Office of education. Bulletin 1942,
Volume/sequential designation no. 2
500 ## - GENERAL NOTE
General note A preliminary report was issued in mimeographed form, without series title, in 1942.
500 ## - GENERAL NOTE
General note "Federal security agency. Paul V. McNutt, administrator. U. S. Office of education, John W. Strudebaker, commissioner."--p. [2] of cover.
501 ## - WITH NOTE
With note Copy 2 with: Opportunities for the preparation of teachers in health education / Earl E. Kleinschmidt. Washington : U.S. Govt. Print. Off., 1942. Bound together subsequent to publication.
Institution to which field applies DLC
651 #0 - SUBJECT ADDED ENTRY--GEOGRAPHIC NAME
Geographic name Latin America
Form subdivision Bibliography.
650 #0 - SUBJECT ADDED ENTRY--TOPICAL TERM
Topical term or geographic name entry element Art, Latin American
Form subdivision Bibliography.
651 #0 - SUBJECT ADDED ENTRY--GEOGRAPHIC NAME
Geographic name Latin America
General subdivision Social life and customs
Form subdivision Bibliography.
710 1# - ADDED ENTRY--CORPORATE NAME
Corporate name or jurisdiction name as entry element United States.
Subordinate unit Office of Inter-American Affairs.

No items available.

Powered by Koha